00539nam a22001577a 450000500170000000800410001702000180005804100130007608200150008910000460010424501080015025000190025826000470027730000320032465000250035620240123115302.0231129b |||||||| |||| 00| 0 eng d a9780702185977 aEnglish  a345.3 VAN  aVan den Heever and Carstens, P lEnglish  aRes Ipsa Loquitur and Medical Negligence : bA Comparative Surgery / cP Van den Heever and P Carstens  aFirst Edition  aCape Town : bJuta and Company Ltd, c2011 bxxx, 194 pages ; c25,5 cm. aLegal practice bLaw